00718nam a2200253Ia 4500008004000000020001500040041000800055082001600063100001800079245003600097250000500133260006700138300001200205650001400217650000700231650000900238650001200247650000800259650000600267690001700273906001100290999001900301952014400320210210b2006 xxu||||| |||| 00| 0 eng d a8122414877 aeng a574.87 RASC aRASTOGI (S C) aCell and molecular biology Ed 2 a aNew DelhibNew Age International (P) Limited, Publishersc2006 axiv,633 amolecular aEd aCell abiology aand a2 aCell Biology a062428 c117541d117541 001040708MicrobiologyaALbALcBiologyd2021-02-17eKnowledge Worldg250.00l0o574.87 RASCp062428r2021-02-17 00:00:00w2021-02-17yBK